Meilleur vitesse 2g - Statistiques

Statistiques générales
  • Ce quiz a été pris 12 fois
  • Le résultat moyen est 9 sur 11
Statistiques - réponses
Hint Réponse % Correct
100 celebi
100%
100 entei
100%
110 lugia
100%
110 mentali
100%
115 raikou
100%
100 typhlosion
100%
115 farfuret
75%
130 nostenfer
75%
110 cotovol
50%
100 ecremeuh
50%
115 mega demolosse
50%
Aucun quiz correspondant
Distribution des résultats
% des personnes avec chaque résultat
Percentile par nombre de réponses
Votre historique - résultats
Vous n’avez pas pris ce quiz